[Event "San Fernando op 18th"]
[Site "San Fernando"]
[Date "2004.07.23"]
[Round "7"]
[White "Cuellar Rodriguez, Alfonso"]
[Black "Ayesta Perojo, Enrique"]
[Result "1/2-1/2"]
[WhiteElo "2089"]
[BlackElo "2087"]
[PlyCount "100"]
[EventDate "2004.07.18"]
[EventType "swiss"]
[EventRounds "8"]
[EventCountry "ESP"]
[SourceTitle "CBM 101 Extra"]
[Source "ChessBase"]
[SourceDate "2004.09.01"]
[SourceVersion "2"]
[SourceVersionDate "2004.09.01"]
[SourceQuality "1"]

1. e4 c6 2. d4 d5 3. exd5 cxd5 4. c4 Nf6 5. Nc3 g6 6. Nf3 Bg7 7. Qb3 0-0 8. cxd5 Nbd7 9. Be2 Nb6 10. 0-0 Nbxd5 11. Ne5 a6 12. Bf3 e6 13. Bg5 Qd6 14. Rac1 Nxc3 15. bxc3 Nd7 16. Nc4 Qc7 17. Be7 Re8 18. Bd6 Qd8 19. Bxb7 Bxb7 20. Qxb7 Qc8 21. Qb4 Qc6 22. Ne5 Nxe5 23. dxe5 a5 24. Qf4 Rec8 25. c4 Qa4 26. a3 Ra6 27. g3 Rac6 28. c5 Qxf4 29. gxf4 f6 30. Rb1 g5 31. exf6 Bxf6 32. fxg5 Bd4 33. Rfe1 Bxc5 34. Bxc5 Rxc5 35. Rxe6 Rxg5+ 36. Kf1 Kf7 37. Ra6 Rc7 38. a4 Rh5 39. Rb5 Rxh2 40. Kg1 Rh4 41. Rbxa5 Rc1+ 42. Kg2 Ra1 43. Rb5 Rhxa4 44. Rb7+ Kg8 45. Rc6 Ra8 46. Rcc7 R1a6 47. Rg7+ Kf8 48. Rxh7 Rg6+ 49. Kf3 Rg8 50. Rhe7 Ra3+ 1/2-1/2

[Event "San Fernando op 18th"]
[Site "San Fernando"]
[Date "2004.07.22"]
[Round "6"]
[White "Munoz Chaves, Jose Javier"]
[Black "Cuellar Rodriguez, Alfonso"]
[Result "0-1"]
[WhiteElo "1903"]
[BlackElo "2089"]
[PlyCount "64"]
[EventDate "2004.07.18"]
[EventType "swiss"]
[EventRounds "8"]
[EventCountry "ESP"]
[SourceTitle "CBM 101 Extra"]
[Source "ChessBase"]
[SourceDate "2004.09.01"]
[SourceVersion "2"]
[SourceVersionDate "2004.09.01"]
[SourceQuality "1"]

1. e4 c5 2. Nf3 Nc6 3. d4 cxd4 4. Nxd4 d5 5. Nxc6 bxc6 6. exd5 Qxd5 7. Qxd5 cxd5 8. Bb5+ Bd7 9. Bxd7+ Kxd7 10. 0-0 Nf6 11. Nd2 Rc8 12. c3 e5 13. Nf3 Bd6 14. Be3 Rc7 15. Rfd1 Rb8 16. Rab1 Ne4 17. Ng5 Nxg5 18. Bxg5 Ke6 19. Be3 a5 20. Kf1 f5 21. g3 a4 22. f4 exf4 23. Bd4 fxg3 24. Re1+ Kf7 25. hxg3 Bxg3 26. Re3 Bd6 27. b3 g5 28. Rh3 Kg6 29. Kg2 h5 30. Rbh1 h4 31. b4 Re8 32. Rf3 Bg3 0-1

[Event "San Fernando op 18th"]
[Site "San Fernando"]
[Date "2004.07.20"]
[Round "4"]
[White "Lobato Soriano, Miguel Angel"]
[Black "Cuellar Rodriguez, Alfonso"]
[Result "0-1"]
[WhiteElo "2028"]
[BlackElo "2089"]
[PlyCount "83"]
[EventDate "2004.07.18"]
[EventType "swiss"]
[EventRounds "8"]
[EventCountry "ESP"]
[SourceTitle "CBM 101 Extra"]
[Source "ChessBase"]
[SourceDate "2004.09.01"]
[SourceVersion "2"]
[SourceVersionDate "2004.09.01"]
[SourceQuality "1"]

1. e4 c5 2. Nf3 Nc6 3. d4 cxd4 4. Nxd4 d5 5. Bb5 dxe4 6. Nxc6 Qxd1+ 7. Kxd1 a6 8. Nd4+ axb5 9. Nxb5 Bg4+ 10. Ke1 0-0-0 11. N1c3 e5 12. Bg5 f6 13. Be3 f5 14. a3 Nf6 15. h3 Bh5 16. b4 Be7 17. Rg1 Nd5 18. Nxd5 Rxd5 19. Nc3 Rd7 20. g4 Bg6 21. gxf5 Bxf5 22. Rc1 Bxh3 23. Nxe4 Bf5 24. f3 h5 25. Ke2 g6 26. Ng3 h4 27. Nxf5 gxf5 28. Rg7 Kc7 29. c4 f4 30. Bd2 Ra8 31. Bc3 Bf6 32. Rxd7+ Kxd7 33. Rd1+ Ke6 34. Bb2 Rg8 35. Kf2 e4 36. Bxf6 e3+ 37. Ke2 Rg2+ 38. Kd3 Rd2+ 39. Ke4 Rxd1 40. Bxh4 Rh1 41. Kxf4 Rxh4+ 42. Kxe3 0-1